|
|
|
|
| LEADER |
00000nab a2200000 a 4500 |
| 001 |
vtls008941295 |
| 003 |
SK-MaSNL |
| 005 |
20260319071325.0 |
| 008 |
070131 2007 xo | |000 0|hun |
| 015 |
|
|
|a SNBRB2007/01
|
| 038 |
|
|
|a KEVKJB
|
| 040 |
|
|
|a KEVKJB
|b slo
|c KEVKJB
|e AACR2
|
| 041 |
0 |
|
|a hun
|
| 044 |
|
|
|a xo
|c SK
|
| 080 |
|
|
|a 339.92
|2 2001
|
| 100 |
1 |
|
|a Juhász Dósa, János,
|d 1969-
|4 aut
|9 667976
|
| 245 |
1 |
0 |
|a Kihívások és kötődések
|b Dialógusok konferencia Tiszaújvárosban
|c Juhász Dósa János
|
| 300 |
|
|
|b Fotogr.
|
| 611 |
2 |
7 |
|a Dialógusok
|n (9. :
|d 2007 :
|c Tiszaújváros, Maďarsko)
|2 SNK
|9 1068758
|
| 650 |
0 |
7 |
|a regionálna spolupráca
|2 SNKPH
|9 68334
|
| 650 |
0 |
7 |
|a konferencie
|2 SNKPH
|9 19221
|
| 650 |
0 |
7 |
|a Maďari
|2 SNKPHeng
|9 18097
|
| 651 |
|
7 |
|a Európa
|2 SNKPHgeo
|9 167569
|
| 773 |
0 |
|
|t Kassai Figyelő
|g Évf. V, sz. 1 (2007), o. 16-17
|
| 852 |
|
|
|a KEVKJB
|b KIS3GCP
|
| 958 |
|
|
|a HU
|
| 999 |
|
|
|c 1757089
|d 1759019
|